Size and democracy

Uloženo v:
Podrobná bibliografie
Hlavní autoři: Dahl, Robert Alan (Autor), Tufte, Edward R (Autor)
Médium: Kniha
Jazyk:angličtina
Vydáno: Stanford Stanford University 1973
Edice:The Politics of the Smaller European Democracies
Témata:
Tagy: Přidat tag
Žádné tagy, Buďte první, kdo vytvoří štítek k tomuto záznamu!

MARC

LEADER 00000nam a2200000 a 4500
001 UCT7830
003 CL-VaPUC
008 970317e19730000US |||||||||||||||||eng|d
082 0 4 |a 321.4  |b DAH  |2 21 
100 0 |a Dahl, Robert Alan  |e author  |9 379022 
700 0 |a Tufte, Edward R  |e author  |9 379023 
245 1 0 |a Size and democracy 
300 |a 148 p 
942 |c BK 
945 |d 19970317 00:00:00  |a paguirre 
260 |a Stanford  |b Stanford University  |c 1973 
650 0 |a Democracia  |9 255256 
650 7 |a SISTEMAS POLITICOS  |2 CL-VaPUC  |9 379024 
650 0 |a Doctrinas políticas  |9 255835 
650 7 |a PARTICIPACION POLITICA  |2 CL-VaPUC  |9 379025 
650 7 |a CIUDADANOS  |2 CL-VaPUC  |9 379026 
583 |a last modification  |c 19970317 00:00:00  |k Rodrigo Vera 
490 0 |a The Politics of the Smaller European Democracies 
999 |c 256377  |d 256375 
952 |0 0  |1 0  |4 0  |6 321_400000000000000_DAH_1973  |7 0  |8 A  |9 279082  |a BIBDER  |b BIBDER  |d 2019-11-19  |i 1808273  |o 321.4 DAH 1973  |p 1808273  |r 2023-01-25  |w 2019-11-19  |y BK  |k DER